000 00614cab a22001935a 4500
001 L148678
008 091019s2009 xxkd f 000 0 eng d
035 _a(Sirsi) u148678
041 0 _aeng
110 2 _aDavis Langdon
_94649
245 0 0 _aCosts
_broofing
260 _c2009
490 0 _aArchitects' Journal
_vAugust 2009, 35(1)
520 _aPresents the latest cost breakdowns for pitched and flat roofings. Sums up the prices for tiles and slates, felt, mastic asphalt or metal roofing.
590 _aKA
651 4 _aEngland and Wales
_y1543-
690 _aBUILT ENVIRONMENT-BUILDING COSTS
942 _n0
999 _c81934
_d81934